000 00469nam a22001817a 4500
003 CEME
005 20210628204149.0
008 210104b xxu||||| |||| 00| 0 eng d
020 _a9788177863779
040 _cceme
082 _a530.41 OMA
100 _aOmar, Muhammad Ali
_969045
245 _aElementary solid state physics
260 _aINDIA
_bPEARSON EDUCATION ASIA
_c2008
300 _aXIV,669P
650 _aSOLID STATE PHYSICS.
_934429
942 _cBK
_2ddc
999 _c576462
_d576462